Score 0/15 Timer 03:00
8 Plays Today
Question Answer % Correct
What generic blood-sucker is one of the most popular halloween costumes?vampire
90.4%
What instrument was played by Louis Armstrong and Miles Davis?trumpet
87.5%
What Mount is the home to the pantheon of Greek gods?Olympus
80.5%
What sparkling beverage is added to orange juice to make a mimosa?champagne
79.3%
What is the largest town that was destroyed in the 79 CE eruption of Mount Vesuvius and rediscovered in 1599?Pompeii
79.3%
What region is home to the Rays, the Lightning and the Buccaneers?Tampa Bay
71.3%
Which of Snow White's dwarfs is alphabetically in the middle?Grumpy
71.1%
What 1930s child actress became famous for movies like 'Bright Eyes' and 'Curly Top'?Shirley Temple
70.9%
Question Answer % Correct
What Latin term, meaning 'always faithful,' is the motto of the Marines?semper fidelis
61.9%
What is the unit of current in the metric system?ampere
61.7%
What is the capital of Malaysia?Kuala Lumpur
56%
What human body part is an anagram of the verb 'impart'?armpit
54.7%
What actress played Meredith Grey on 'Grey's Anatomy'?Ellen Pompeo
28.7%
What writer and comparative religions expert wrote 'The Power of Myth'?Joseph Campbell
9.9%
Which of the Tarot major arcana cards is the husband of one of the other cards?the Emperor
5.4%
Remove Ads.
Support Sporcle.
Get the best of Sporcle when you Go Orange. This ad-free experience offers more features, more stats, and more fun while also helping to support Sporcle. Thank you for becoming a member.

You're not logged in!

Compare scores with friends on all Sporcle quizzes.
OR
Log In

Show Comments

Extras

Top Quizzes Today


Score Distribution

Your Account Isn't Verified!

In order to create a playlist on Sporcle, you need to verify the email address you used during registration. Go to your Sporcle Settings to finish the process.

Report this User

Report this user for behavior that violates our Community Guidelines.

Details: